Culture Générale - Série 1808 - Statistiques

Statistiques générales
  • Ce quiz a été pris 179 fois
  • Le résultat moyen est 3 sur 10
Statistiques - réponses
Question Réponse % Correct
Dans quel pays d'Afrique se situe la ville portuaire de Safi ? Maroc
69%
Comment appelle-t-on l'instrument d'extraction métallique en forme de pince qui permet de saisir la tête d'un fœtus pour faciliter son expulsion ? forceps
56%
Quel pays africain a pour homonyme l'adjectif signifiant "sans gravité" ? Benin
46%
Enigme : " Qui gagne sa vie au bridge et à la roulette" ? dentiste
40%
Quel mot dont l'anagramme est "verni" signifie "homme de main", "souteneur", voyou" ? nervi
36%
Nom ancien désignant la femme âgée chargée de veiller sur la conduite d'une jeune fille ou d'une jeune femme duègne
20%
Autrefois, en Russie,comment appelait-on l'édit promulgué par le tsar ? oukase
19%
Sous quel nom connait-on mieux l'arbre "liriodendron tulipifera" originaire de Virginie ? tulipier
19%
Quelle locution latine signifie "au même endroit" ? ibidem
11%
Quelle ville d'Algérie est l'ancienne capitale du Maghreb central ? Tlemcen
7%
Aucun quiz correspondant
Distribution des résultats
% des personnes avec chaque résultat
Percentile par nombre de réponses
Votre historique - résultats
Vous n’avez pas pris ce quiz